| 000 | 01183nam a2200229Ia 4500 | ||
|---|---|---|---|
| 001 | L922-41895 | ||
| 003 | IT-CnALBA | ||
| 008 | 170116s9999||||xx |||||||||||||| ||und|| | ||
| 040 |
_aIT-CnALBA _cIT-CnALBA |
||
| 041 | _aITALIANO | ||
| 100 | _aGIANFRANCESCHI FAUSTO | ||
| 245 | 0 | _aDINO BUZZATI. | |
| 250 | _a1a ed. | ||
| 260 |
_a TORINO. ROMA _bBORLA EDITORE _c1967 [1° Ed.:1967 - Ed.Ling.Originale: 1967] |
||
| 300 | _a183 p. | ||
| 500 | _aSCRITTORI DEL SECOLO. VITA LINEARE. BARNABO DELLE MONTAGNE. IL DESERTO DEI TARTARI. RACCONTI. IL LIBRO SEGRETO. DRAMMATURGO. POETA. PITTORE. IL LINGUAGGIO. LA CRONOLOGIA. LA COERENZA. L'INVEROSIMILE. COINCIDENZE. LA QUESTIONE DEL KAFKISMO. DA BORGESTA PAS | ||
| 501 | _aSocietà San Paolo EM - Piazza San Paolo, 14 - 12051 ALBA (CN) (non commercial uses only) ® Copyright 2017 | ||
| 520 | _aSCRITTORI DEL SECOLO. VITA LINEARE. BARNABO DELLE MONTAGNE. IL DESERTO DEI TARTARI. RACCONTI. IL LIBRO SEGRETO. DRAMMATURGO. POETA. PITTORE. IL LINGUAGGIO. LA CRONOLOGIA. LA COERENZA. L'INVEROSIMILE. COINCIDENZE. LA QUESTIONE DEL KAFKISMO. DA BORGESTA PAS | ||
| 650 | _aBIOGRAFIE, UOMINI ILLUSTRI | ||
| 942 | _cBK | ||
| 957 | _71 | ||
| 999 |
_a47124 _bNO _g Copie: 1 _c300863 _d300863 |
||